|
|
|
|
| LEADER |
00000naa2a2200000 4500 |
| 001 |
625467 |
| 005 |
20250521114353.0 |
| 035 |
|
|
|a (RuTPU)RU\TPU\conf\24727
|
| 035 |
|
|
|a RU\TPU\conf\24726
|
| 090 |
|
|
|a 625467
|
| 100 |
|
|
|a 20171214d2017 k y0rusy50 ca
|
| 101 |
0 |
|
|a rus
|
| 102 |
|
|
|a RU
|
| 105 |
|
|
|a y z 101zy
|
| 135 |
|
|
|a drcn ---uucaa
|
| 181 |
|
0 |
|a i
|
| 182 |
|
0 |
|a b
|
| 200 |
1 |
|
|a Цинк, как катализатор для реакции азид-алкинового циклоприсоединени
|f М. А. Морозова [и др.]
|g науч. рук. М. Е. Трусова
|
| 203 |
|
|
|a Текст
|c электронный
|
| 225 |
1 |
|
|a Химические технологии и биотехнологии
|
| 300 |
|
|
|a Заглавие с титульного экрана
|
| 320 |
|
|
|a [Библиогр.: с. 207 (7 назв.)]
|
| 463 |
|
1 |
|0 (RuTPU)RU\TPU\conf\24481
|t Высокие технологии в современной науке и технике (ВТСНТ-2017)
|o сборник научных трудов VI Международной научно-технической конференции молодых ученых, аспирантов и студентов, г. Томск, 27–29 ноября 2017 г.
|f Национальный исследовательский Томский политехнический университет (ТПУ) ; под ред. А. Н. Яковлева
|v [С. 206-207]
|d 2017
|
| 610 |
1 |
|
|a электронные ресурсы
|
| 610 |
1 |
|
|a труды учёных ТПУ
|
| 610 |
1 |
|
|a каталитические системы
|
| 610 |
1 |
|
|a исходные реагенты
|
| 610 |
1 |
|
|a алкины
|
| 610 |
1 |
|
|a триазолы
|
| 610 |
1 |
|
|a азиды
|
| 610 |
1 |
|
|a катализаторы
|
| 701 |
|
1 |
|a Морозова
|b М. А.
|c химик-органик
|c инженер Томского политехнического университета
|f 1988-
|g Мария Александровна
|3 (RuTPU)RU\TPU\pers\29584
|
| 701 |
|
1 |
|a Куанышева
|b А. К.
|
| 701 |
|
1 |
|a Трусова
|b М. Е.
|c химик-органик
|c доцент Томского политехнического университета, кандидат химических наук
|f 1982-
|g Марина Евгеньевна
|3 (RuTPU)RU\TPU\pers\27927
|9 12930
|
| 701 |
|
1 |
|a Постников
|b П. С.
|c химик-органик
|c доцент Томского политехнического университета, кандидат химических наук
|f 1984-
|g Павел Сергеевич
|3 (RuTPU)RU\TPU\pers\27922
|9 12925
|
| 702 |
|
1 |
|a Трусова
|b М. Е.
|c химик-органик
|c доцент Томского политехнического университета, кандидат химических наук
|f 1982-
|g Марина Евгеньевна
|4 727
|
| 712 |
0 |
2 |
|a Национальный исследовательский Томский политехнический университет (ТПУ)
|b Институт физики высоких технологий (ИФВТ)
|b Кафедра биотехнологии и органической химии (БИОХ)
|3 (RuTPU)RU\TPU\col\18693
|
| 801 |
|
2 |
|a RU
|b 63413507
|c 20171220
|g RCR
|
| 850 |
|
|
|a 63413507
|
| 856 |
4 |
|
|u http://earchive.tpu.ru/handle/11683/45553
|
| 942 |
|
|
|c BK
|